| 000 | 00573nam 22001813 4500 | ||
|---|---|---|---|
| 001 | 199955 | ||
| 090 | _a199955 | ||
| 100 | _a20260115d u||y0pory50 ba | ||
| 200 |
_aEspectroscopia molecular _fJosé J. C. Teixeira Dias _efundamentos e métodos e aplicações |
||
| 210 |
_aLisboa _cFundação Calouste Gulbenkian _dimp.1986 |
||
| 215 |
_a162, [2] p. _cil. ; brochado _d24 cm |
||
| 606 |
_94688 _aQuímica |
||
| 675 |
_a54 _vPT _zpor |
||
| 675 |
_a544.18 _vPT _zpor |
||
| 700 |
_915780 _aDias _bJosé J. C. Teixeira _f1944- |
||
| 801 |
_aPT _bBMMN _gRPC |
||
| 830 |
_cAna _fAna |
||
| 990 | _cLIVROS | ||